00373 a2200145 4500003000400000005001700004008004100021020001800062040000900080082001500089100001500104245006000119260003900179300000900218OSt20231121121009.0231121b |||||||| |||| 00| 0 eng d a9788187134060 coclc a570bPAD/B aPadmini, E aBiochemical Calculations and Biostatistics /cE Padmini aKolkata:bBooks and allied,c2015. a304p